000 01011cam a2200289 a 4500
001 1089571
003 OSt
005 20160301163049.0
008 921116s1993 dcua bf i001 0 eng
010 _a 92041655
020 _a0821323563
040 _aDLC
_cDLC
_dDLC
043 _ad------
050 0 0 _aHD75.8
_b.P68 1993
082 0 0 _a338
_220
_bP68 1993
245 0 0 _aPoverty reduction handbook.
260 _aWashington, D.C. :
_bWorld Bank,
_c1993.
300 _axviii, 317 p. :
_bill. ;
_c28 cm.
504 _aIncludes bibliographical references and index.
650 0 _aEconomic development projects
_xManagement
_xHandbooks, manuals, etc.
_96932
650 0 _aEconomic development projects
_xEvaluation
_xHandbooks, manuals, etc.
_96933
650 0 _aPoor
_zDeveloping countries.
_96934
710 2 _aWorld Bank.
_9955
906 _a7
_bcbc
_corignew
_d1
_eocip
_f19
_gy-gencatlg
942 _2ddc
_cSLOAN
999 _c3123
_d3123